000 00825nam a2200265Ia 4500
005 20220316235633.0
008 121119s2003 ck a gr 000 j spa
020 _a958300894X
041 0 _aspa
245 0 3 _aLa perla del dragón
_cilustraciones, Juan Sierra Carrasquilla
250 _aPrimera edición
300 _a8 páginas
_bilustraciones
490 0 _aBiblioteca del cuento
650 1 4 _aCuentos infantiles
_2LEMB
650 1 4 _aDragones
_vCuentos
_2LEMB
650 1 4 _aLiteratura infantil
_2LEMB
700 1 _aSierra Carrasquilla, Juan
_eilustrador
_939750
942 _2loc
_cBKINF
264 _aBogotá
_bPanamericana
_c2003
336 _atexto
_btxt
_2rdacontent
337 _asin mediación
_bn
_2rdamedia
338 _avolumen
_bnc
_2rdacarrier
040 _aCO-BoRNBP
_bspa
_erda
_cCO-BoRNBP
084 _aC PER9
999 _c1634
_d1634